000 00486nam a22001937a 4500
003 MPLRDC
005 20220104124458.0
008 210129b ||||| |||| 00| 0 eng d
020 _a7-5015-0551-9
082 _a308.9 KXXB v.3
100 _a杨悦、杜佐东编
245 _a植物博士
_c
250 _a一版一刷
260 _a
_b知识出版社
_c1993
300 _b
490 _a科学小博士书库
650 _a儿童用科学丛书
942 _cBK
_o308.9 KXXB v.3
999 _c19662
_d19652